Matematikusok találkozója
Elmentve itt :
| Dokumentumtípus: | Cikk |
|---|---|
| Megjelent: |
1971-08-24
|
| Sorozat: | Délmagyarország
61 No. 198 |
| Kulcsszavak: | tanácskozások, pályázatok |
| Online Access: | http://dmarchiv.bibl.u-szeged.hu/118927 |
| LEADER | 00413nab a2200145 i 4500 | ||
|---|---|---|---|
| 001 | delm118927 | ||
| 005 | 20190410114009.0 | ||
| 008 | 190410s1971 hu o 0|| hun d | ||
| 040 | |a SZTE Délmagyarország Archívum |b hun | ||
| 041 | |a hun | ||
| 245 | 0 | 0 | |a Matematikusok találkozója |h [elektronikus dokumentum] |
| 260 | |c 1971-08-24 | ||
| 300 | |a 3 | ||
| 490 | 0 | |a Délmagyarország |v 61 No. 198 | |
| 695 | |a tanácskozások, pályázatok | ||